Lana Del Rey - Sweet Carolina Lyrics - Statistics

General Stats
  • This quiz has been taken 110 times
    108 since last reset
  • The average score is 217 of 260
Answer Stats
Answer % Correct
go
98%
a
96%
baby
96%
Baby
96%
he
96%
love
96%
Love
96%
We
96%
we
96%
you
96%
You
96%
your
96%
be
95%
blues
95%
ever
95%
So
95%
God
93%
I'll
93%
like
93%
me
93%
on
93%
to
93%
always
91%
'Cause
91%
every
91%
Just
91%
just
91%
And
89%
and
89%
boyfriend
89%
Don't
89%
don't
89%
for
89%
Fuck
89%
If
89%
Kevin
89%
letter
89%
my
89%
right
89%
song
89%
stupid
89%
than
89%
write
89%
11
88%
close
88%
have
88%
here
88%
know
88%
next
88%
the
88%
this
88%
you're
88%
breath
86%
Closer
86%
forever"
86%
head
86%
iPhone
86%
is
86%
loves
86%
dear
84%
get
84%
After
82%
"Crypto
82%
hair
80%
Heaven
79%
name
79%
screams
79%
got
77%
Lilac
77%
wrong
77%
out
75%
that
73%
things
73%
babe
71%
dance
71%
freckle
71%
night
71%
scared
71%
stressed
71%
those
71%
in
70%
In
70%
can
68%
say
68%
havin'
66%
time
64%
unprepared
61%
Might
59%
one
57%
You've
57%
It's
54%
live
54%
power
54%
washes
54%
as
52%
It'll
52%
floor
50%
us
50%
all
48%
had
48%
past
48%
sixties
48%
way
48%
Pink
46%
nothing
45%
they
45%
we'll
45%
lawn
43%
slippers
43%
dream
41%
we've
41%
door
39%
there's
39%
lose
38%
Jason
34%
over
34%
woven
27%
nets
23%
No matching quizzes found
Score Distribution
Percent of People with Each Score
Percentile by Number Answered
Your Score History
You have not taken this quiz since the last reset